Three Dollar Bill, Yall $ Tracklist (Limp Bizkit) - Statistics

General Stats
  • This quiz has been taken 15 times
  • The average score is 11 of 13
Answer Stats
Hint Answer % Correct
3 Counterfeit
92%
9 Faith
92%
1 Intro
92%
2 Pollution
92%
4 Stuck
92%
8 Clunk
85%
6 Sour
85%
7 Stalemate
85%
13 Everything
77%
12 Leech - Demo Version
77%
5 Nobody Loves Me
77%
10 Stink Finger
77%
11 Indigo Flow
69%
No matching quizzes found
Score Distribution
Percent of People with Each Score
Percentile by Number Answered
Your Score History
You have not taken this quiz